Measuring Patient Satisfaction for Improved Patient Services (Record no. 55542)
[ view plain ]
| 000 -LEADER | |
|---|---|
| fixed length control field | 00319nam a22001337a 4500 |
| 008 - FIXED-LENGTH DATA ELEMENTS--GENERAL INFORMATION | |
| fixed length control field | 210302b ||||| |||| 00| 0 eng d |
| 020 ## - INTERNATIONAL STANDARD BOOK NUMBER | |
| International Standard Book Number | 0910701784 |
| 041 ## - LANGUAGE CODE | |
| Language code of text/sound track or separate title | eng |
| 080 ## - UNIVERSAL DECIMAL CLASSIFICATION NUMBER | |
| Universal Decimal Classification number | 61 |
| 100 ## - Rafti | |
| Rafti | 3 |
| 101 ## - Shkurtesa | |
| Shkurtesa | SHM |
| 245 ## - TITLE STATEMENT | |
| Title | Measuring Patient Satisfaction for Improved Patient Services |
| Statement of responsibility, etc | ACHE |
| 942 ## - ADDED ENTRY ELEMENTS (KOHA) | |
| Source of classification or shelving scheme | |
| Item type | Books |
| Withdrawn status | Lost status | Source of classification or shelving scheme | Damaged status | Not for loan | Collection code | Permanent location | Current location | Shelving location | Date acquired | Total Checkouts | Full call number | Barcode | Date last seen | Price effective from | Koha item type |
|---|---|---|---|---|---|---|---|---|---|---|---|---|---|---|---|
| Koleksioni i përgjithshem | UBT - Lipjan | UBT - Lipjan | Koleksioni i përgjithshem | 03/02/2021 | 61 ACH | 002-6000264 | 03/02/2021 | 03/02/2021 | Books | ||||||
| Koleksioni i përgjithshem | UBT - Lipjan | UBT - Lipjan | Koleksioni i përgjithshem | 03/02/2021 | 61 ACH | 002-6000263 | 03/02/2021 | 03/02/2021 | Books |